[Event "Bled op"]
[Site "Bled"]
[Date "2017.03.10"]
[Round "1"]
[White "Susnik, Matej"]
[Black "Averyanov, Nikita"]
[Result "1-0"]
[WhiteElo "2031"]
[BlackElo "1503"]
[PlyCount "55"]
[EventDate "2017.03.10"]
[EventType "swiss"]
[EventRounds "5"]
[EventCountry "SLO"]
[SourceTitle "EXT 2019"]
[Source "ChessBase"]
[SourceDate "2018.10.10"]
[SourceVersion "1"]
[SourceVersionDate "2018.10.10"]
[SourceQuality "1"]

1. e4 d5 2. exd5 Qxd5 3. Nc3 Qd8 4. d4 c6 5. Bc4 Nf6 6. Nf3 Bf5 7. 0-0 e6 8. Ne5 Nbd7 9. Qe2 Nb6 10. Bb3 Qxd4 11. Rd1 Qc5 12. Nd3 Qe7 13. Bg5 g6 14. Ne5 Bg7 15. g4 h6 16. Bd2 Nxg4 17. Nxg4 Qh4 18. Ne3 Be5 19. f3 0-0 20. Nxf5 Bxh2+ 21. Qxh2 Qxh2+ 22. Kxh2 exf5 23. Bxh6 Rfe8 24. Re1 Kh7 25. Bf4 Rh8 26. Be5 Rhg8 27. Kg2 Rad8 28. Rh1# 1-0

[Event "SLO-ch U10"]
[Site "Ptuj"]
[Date "2017.02.28"]
[Round "4"]
[White "Kumin, Jure"]
[Black "Averyanov, Nikita"]
[Result "1-0"]
[WhiteElo "1714"]
[BlackElo "1503"]
[PlyCount "110"]
[EventDate "2017.02.27"]
[EventType "swiss"]
[EventRounds "9"]
[EventCountry "SLO"]
[SourceTitle "CBM 177 Extra"]
[Source "ChessBase"]
[SourceDate "2017.04.27"]
[SourceVersion "1"]
[SourceVersionDate "2017.04.27"]
[SourceQuality "1"]

1. e4 d5 2. exd5 Qxd5 3. Nc3 Qd8 4. d4 c6 5. Nf3 Bf5 6. Be2 Nf6 7. 0-0 e6 8. Be3 Bd6 9. Re1 0-0 10. Qd2 Nbd7 11. Rad1 Qb6 12. Na4 Qc7 13. Nc3 Ne4 14. Nxe4 Bxe4 15. h3 c5 16. dxc5 Bxc5 17. Bxc5 Nxc5 18. Ng5 Bg6 19. Qc3 Rac8 20. Qd4 Bxc2 21. Rc1 Rfd8 22. Qc4 Bg6 23. Rc3 Rd5 24. Nf3 Qd7 25. b4 Qa4 26. bxc5 Qxc4 27. Rxc4 Rcxc5 28. Rxc5 Rxc5 29. Rd1 h6 30. Bd3 Bxd3 31. Rxd3 Rc1+ 32. Kh2 Ra1 33. Ra3 a6 34. Nd2 Rd1 35. Nc4 Rd4 36. Na5 b6 37. Nb3 Rf4 38. Kg3 g5 39. Rxa6 Rb4 40. Nd2 Rb2 41. Nc4 Rc2 42. Nxb6 Rc6 43. a4 h5 44. h4 g4 45. f3 f5 46. Ra8+ Kf7 47. a5 Kf6 48. f4 Kg6 49. Rb8 Rc7 50. a6 Ra7 51. Ra8 Rxa8 52. Nxa8 Kf7 53. a7 Ke7 54. Nc7 Kd7 55. a8Q Kxc7 1-0